000 06350namaa22004451i 4500
003 EG-GICUC
005 20260311115236.0
008 260303s2025 ua a|||frm||| 000 0 eng d
040 _aEG-GICUC
_beng
_cEG-GICUC
_dEG-GICUC
_erda
041 0 _aeng
_beng
_bara
049 _aDeposit
082 0 4 _a618.920978
092 _a618.920978
_221
097 _aM.Sc
099 _aCai01.11.12.M.Sc.2025.Ay.A
100 0 _aAya Yasser Mohamed Mohamed Ali,
_epreparation.
245 1 0 _aAudiological evaluation of normal hearing individuals with hearing difficulties /
_cby Aya Yasser Mohamed Mohamed Ali ; Supervision Prof. Dr. Noha Ali Hosni, Dr. Mariam Magdy Medhat, Dr. Sarah Mohamed Ibrahim Sheta.
246 1 5 _aالتقييم السمعي للأشخاص ذوي السمع الطبيعي والذين يعانون من صعوبة فى السمع
264 0 _c2025.
300 _a114 pages :
_billustrations ;
_c25 cm. +
_eCD.
336 _atext
_2rda content
337 _aUnmediated
_2rdamedia
338 _avolume
_2rdacarrier
502 _aThesis (M.Sc)-Cairo University, 2025.
504 _aBibliography: pages 113- 95.
520 3 _aBackground: Hearing difficulties (HD) in adults who have normal thresholds on pure tone audiometry (PTA) is a common condition with a prevalence of 5%-37% in patients complaining of hearing problems in an audiology clinic but also commonly ignored. There are many possible causes including hidden hearing loss (HHL) or cochlear synaptopathy, which is a perceptual disorder characterized by complaining of hearing difficulties despite falling within normal audiometric thresholds, especially in challenging listening conditions as noisy environments. Objectives: To investigate patients complaining of hearing difficulties despite normal audiogram thresholds using SPIN test, ABR and OAEs. To explore whether these tests could serve as diagnostic tools for hidden hearing loss. Methods: A case control study, each of the study and the control groups comprised 40 subjects; age and sex matched. Age ranged from 18 to 50 years. Hearing was assessed in both groups using PTA, SPIN test, ABR and OAEs. Results: SPIN test findings showed a statistically significant difference between the study and the control groups. Also, ABR showed a statistically significant differences regarding amplitude of wave I and V/I ratio between the study and the control groups in both ears. Both ears showed a statistically significant positive correlation between SPIN score and ABR wave I amplitude. Conclusion: Patients who complain of hearing difficulties with normal audiogram showed poorer SPIN test scores, a reduction in ABR wave I amplitude and elevation in V/I ratio in the current study.
520 3 _aالخلفية: صعوبات السمع لدى البالغين الذين لديهم عتبات طبيعية في اختبار قياس السمع النقي (PTA) هي حالة شائعة، حيث تتراوح نسبة انتشارها بين 5% و37% لدى المرضى الذين يشكون من مشاكل في السمع في عيادة السمع، ولكنها غالبًا ما تُهمل. هناك العديد من الأسباب المحتملة، بما في ذلك فقدان السمع الخفي أو اعتلال المشابك القوقعية، وهو اضطراب إدراكي يتميز بالشكوى من صعوبات في السمع على الرغم من أن عتبات قياس السمع لديهم طبيعية، خاصة في ظروف الاستماع الصعبة، مثل البيئات الصاخبة. الأهداف: دراسة المرضى الذين يشكون من صعوبات في السمع على الرغم من أن عتبات تخطيط السمع لديهم طبيعية، باستخدام اختبار SPIN، واختبار استجابة جذع الدماغ السمعية (ABR)، واختبار الانبعاثات الصوتية الأذنية (OAEs). استكشاف ما إذا كانت هذه الاختبارات يمكن أن تُستخدم كأدوات تشخيصية لفقدان السمع الخفي. المنهجية: دراسة حالة وضابطة، ضمت كل من مجموعة الدراسة والمجموعة الضابطة 40 شخصًا، متطابقين في العمر والجنس. تراوحت أعمارهم بين 18 و50 عامًا. تم تقييم السمع في المجموعتين باستخدام اختبار قياس السمع النقي (PTA)، واختبار SPIN، واختبار استجابة جذع الدماغ السمعية (ABR)، واختبار الانبعاثات الصوتية الأذنية (OAEs). النتائج: أظهرت نتائج اختبار SPIN فرقًا ذا دلالة إحصائية بين مجموعة الدراسة ومجموعة الضبط. كما أظهر اختبار ABR فروقًا ذات دلالة إحصائية فيما يتعلق بسعة الموجة الأولى ونسبة V/I بين مجموعة الدراسة ومجموعة الضبط في كلتا الأذنين. أظهرت كلتا الأذنين ارتباطًا إيجابيًا ذا دلالة إحصائية بين درجة اختبار SPIN وسعة الموجة الأولى في اختبار ABR. الخلاصة: أظهر المرضى الذين يشكون من صعوبات في السمع مع تخطيط سمع طبيعي درجات أقل في اختبار SPIN، وانخفاضًا في سعة الموجة الأولى في اختبار ABR، وارتفاعًا في نسبة V/I في هذه الدراسة.
530 _aIssues also as CD.
546 _aText in English and abstract in Arabic & English.
650 0 _aHearing disorders
650 0 _aاضطرابات السمع
653 1 _aHearing difficulties (HD)
_aHidden hearing loss (HHL)
_acochlear synaptopathy
_aSPIN test
_aABR
_aOAEs
700 0 _aNoha Ali Hosni
_ethesis advisor.
700 0 _aMariam Magdy Medhat
_ethesis advisor.
700 0 _aSarah Mohamed Ibrahim Sheta
_ethesis advisor.
900 _b01-01-2025
_cNoha Ali Hosni
_cMariam Magdy Medhat
_cSarah Mohamed Ibrahim Sheta
_UCairo University
_FFaculty of Medicine
_DDepartment of Audio-Vestibular Medicine
905 _aShimaa
_eEman Ghareb
942 _2ddc
_cTH
_e21
_n0
999 _c178852